000
00344nam a2200133Ia 4500
008
151001s9999||||xx |||||||||||||| ||und||
100
_a
राजेंद्र खेर
245
_a
हॉलिवूडचे विनोदवीर
250
_a
3
260
_b
विहंग
260
_c
2014
300
_a
175
365
_b
21
999
_c
1002026
_d
1002023